1004 1184 1053 1171 1459 1022 1479 1782 1015 1699 1639 1997 1249 1199 1786 1207 1367 1484 1645 1953 1517 1946 1570 1497 1369 1549 1764 1411 1513 1036 1452 1089 1636 1240 1228 1384 1167 1742 1055 1322 1434 1433 1417 1211 1455 1228 1492 1726 1891 1408 1158 1865 1121 1062 1846 1602 1255 1477 1880 1601 1937 1241 1147 1557 1934 1157 1757 1418 1629 1055 1866 1754 1693 1793 1920 1907 1223 1284 1114 1408 1806 1140 1588 1441 1038 1692 1152 1024 1676 1417 1210 1451 1471 1804 1577 1633 1778 1945 1331 BCNSPRNW ULIB Ver.6.0+V

เปลี่ยนเป็นภาษาไทย

Change to English
 แสดงรายละเอียดบรรณานุกรม
  กลับหน้าหลัก

Brief Record : Get Marc (ISO 2709) : E-mail record : QR code < ปิดหน้าต่าง
LEADER : 00000nam 2200000uu 4500
001    13399127002
003     ULIB
008    190927s2561||||th 000 0 tha d
020    ^a9789740334927
050    ^aLB2806.15ณ312ก
100    ^aณัฏฐกรณ์ หลาวทอง
245    ^aการสร้างเครื่องมือการวิจัยทางการศึกษา
250    ^aพิมพ์ครั้งที่ 2
260    ^aกรุงเทพฯ :^bแห่งจุฬาลงกรณ์มหาวิทยาลัย,^c2561
300    ^a140 หน้า;^b26 ซม.
650    ^aการศึกษา^xวิจัย
650    ^aแบบสอบถาม
945    ^p180^l0^i006172
945    ^p180^l0^i006173
945    ^p180^l0^i006174
945    ^p180^l0^i006176
945    ^p180^l0^i006168
945    ^p180^l0^i006169
945    ^p180^l0^i006170
945    ^p180^l0^i006171
945    ^p180^l0^i006177
945    ^p180^l0^i006175
999    ^aประนอม เกษจรัล
รายการนี้ยังไม่มีแท็ก
คุณยังไม่ได้ล็อกอิน คุณสามารถมีกิจกรรมร่วมกับเว็บไซต์ได้ แต่ต้องล็อกอินก่อน ::
  ล็อกอิน

รายการสื่อสารสนเทศ

ลำดับที่ ประเภท เลขเรียก/บาร์โค้ด สถานที่ สถานะ
1. การศึกษาทั่วไป
หนังสือสำรอง
สถานะ=หนังสือสำรอง
LB2806.15ณ312ก ฉ.1 
  Barcode: 006168
ห้องสมุดวิทยาเขตสวรรค์ประชารักษ์
►หนังสือทั่วไป
บนชั้น
2. การศึกษาทั่วไป
การศึกษาทั่วไป
LB2806.15ณ312ก ฉ.10 
  Barcode: 006177
ห้องสมุดวิทยาเขตสวรรค์ประชารักษ์
►หนังสือทั่วไป
บนชั้น
3. การศึกษาทั่วไป
การศึกษาทั่วไป
LB2806.15ณ312ก ฉ.2 
  Barcode: 006169
ห้องสมุดวิทยาเขตสวรรค์ประชารักษ์
►หนังสือทั่วไป
บนชั้น
4. การศึกษาทั่วไป
การศึกษาทั่วไป
LB2806.15ณ312ก ฉ.3 
  Barcode: 006170
ห้องสมุดวิทยาเขตสวรรค์ประชารักษ์
►หนังสือทั่วไป
บนชั้น
5. การศึกษาทั่วไป
การศึกษาทั่วไป
LB2806.15ณ312ก ฉ.4 
  Barcode: 006171
ห้องสมุดวิทยาเขตสวรรค์ประชารักษ์
►หนังสือทั่วไป
บนชั้น
6. การศึกษาทั่วไป
การศึกษาทั่วไป
LB2806.15ณ312ก ฉ.5 
  Barcode: 006172
ห้องสมุดวิทยาเขตสวรรค์ประชารักษ์
►หนังสือทั่วไป
บนชั้น
7. การศึกษาทั่วไป
การศึกษาทั่วไป
LB2806.15ณ312ก ฉ.6 
  Barcode: 006173
ห้องสมุดวิทยาเขตสวรรค์ประชารักษ์
►หนังสือทั่วไป
บนชั้น
8. การศึกษาทั่วไป
การศึกษาทั่วไป
LB2806.15ณ312ก ฉ.7 
  Barcode: 006174
ห้องสมุดวิทยาเขตสวรรค์ประชารักษ์
►หนังสือทั่วไป
บนชั้น
9. การศึกษาทั่วไป
การศึกษาทั่วไป
LB2806.15ณ312ก ฉ.8 
  Barcode: 006175
ห้องสมุดวิทยาเขตสวรรค์ประชารักษ์
►หนังสือทั่วไป
บนชั้น
10. การศึกษาทั่วไป
การศึกษาทั่วไป
LB2806.15ณ312ก ฉ.9 
  Barcode: 006176
ห้องสมุดวิทยาเขตสวรรค์ประชารักษ์
►หนังสือทั่วไป
บนชั้น

รายการใกล้เคียง
    ชื่อเรื่อง [การสร้างเครื่องมือการวิจัยทางการศึกษา]

    ผู้แต่ง [ณัฏฐกรณ์ หลาวทอง]

    หัวเรื่อง [แบบสอบถาม]

BibComment


ยังไม่เคยถูกคอมเมนท์

คอมเมนท์ทรัพยากรรายการนี้
  คอมเมนท์: การสร้างเครื่องม..


 Copyright 2026. Bcnsprnw @Library